[Event "2nd GMA World Cup prel  #2"]
[Site "Moscow URS"]
[Date "1989.??.??"]
[Round "7"]
[White "Kholmov, Ratmir"]
[Black "Kochiev, Alexander"]
[Result "1/2-1/2"]
[WhiteElo "2510"]
[BlackElo "2475"]
[EventDate "1989.05.??"]
[PlyCount "66"]

1.e4 c5 2.Nf3 e6 3.d4 cxd4 4.Nxd4 a6 5.Nc3 Qc7 6.g3 Bb4 7.Ne2 Nf6 8.Bg2 
Be7 9.O-O O-O 10.h3 Nc6 11.f4 b5 12.Be3 Bb7 13.e5 Ne8 14.Ne4 d6 15.exd6 
Nxd6 16.Nxd6 Bxd6 17.c3 Rad8 18.Qe1 Na5 19.b3 Bxg2 20.Kxg2 Nc6 21.Kh2 Be7 
22.Qf2 Rd3 23.Rad1 Rd7 24.Qg1 Rxd1 25.Rxd1 Bf6 26.Bb6 Qb7 27.Bc5 Rc8 28.
Qg2 h6 29.Qe4 Na5 30.Qxb7 Nxb7 31.Bd4 Rd8 32.Kg2 Na5 33.Rd2 Nc6 1/2-1/2

[Event "2nd GMA World Cup prel  #2"]
[Site "Moscow URS"]
[Date "1989.??.??"]
[Round "7"]
[White "Miles, Anthony John"]
[Black "Timoschenko, Gennady"]
[Result "1/2-1/2"]
[WhiteElo "2520"]
[BlackElo "2460"]
[EventDate "1989.05.??"]
[PlyCount "123"]

1.d4 Nf6 2.c4 g6 3.Nc3 Bg7 4.e4 d6 5.Be2 O-O 6.Nf3 e5 7.O-O Na6 8.Be3 Ng4 
9.Bg5 Qe8 10.h3 h6 11.Bc1 Nf6 12.dxe5 dxe5 13.Be3 Nh5 14.c5 Nf4 15.Bxa6 
bxa6 16.Nd5 Nxd5 17.Qxd5 Be6 18.Qd2 Rd8 19.Qc3 Qc6 20.Rfe1 f6 21.Nd2 Rf7 
22.Nb3 Qxe4 23.Bxh6 Qc4 24.Qxc4 Bxc4 25.Bxg7 Kxg7 26.Na5 Be6 27.Nc6 Rd2 
28.b3 g5 29.Kf1 Bd5 30.Nb4 a5 31.Nxd5 Rxd5 32.Rac1 c6 33.Re4 Rb7 34.Ke2 
Rb5 35.Rec4 Kf7 36.R1c3 Ke6 37.g3 Rb4 38.Rc2 Kf5 39.Ke3 Ke6 40.f3 Rb5 41.
h4 gxh4 42.gxh4 Rb4 43.h5 Kf5 44.Rxb4 axb4 45.Rh2 Rd7 46.h6 Rh7 47.Rh1 a5 
48.Rh2 Ke6 49.f4 Kd5 50.Rh5 a4 51.fxe5 fxe5 52.bxa4 Kxc5 53.Rxe5+ Kc4 54.
Rh5 c5 55.Ke4 b3 56.axb3+ Kxb3 57.a5 c4 58.Kf5 c3 59.Kg6 c2 60.Rc5 Ra7 61.
h7 Ra6+ 62.Kg7 1/2-1/2

[Event "2nd GMA World Cup prel  #2"]
[Site "Moscow URS"]
[Date "1989.??.??"]
[Round "7"]
[White "Kharitonov, Andrei"]
[Black "Lautier, Joel"]
[Result "1-0"]
[WhiteElo "2520"]
[BlackElo "2450"]
[EventDate "1989.05.??"]
[PlyCount "85"]

1.Nf3 Nf6 2.c4 g6 3.Nc3 Bg7 4.e4 O-O 5.d4 d6 6.Be2 e5 7.Be3 exd4 8.Nxd4 
Re8 9.f3 c6 10.O-O d5 11.cxd5 Nxd5 12.Nxd5 cxd5 13.Qb3 dxe4 14.Rad1 Qe7 
15.fxe4 Rf8 16.Bc4 Nd7 17.Nb5 Ne5 18.Bd5 a6 19.Nd6 Bg4 20.Rd2 Be6 21.Bxe6 
fxe6 22.Rxf8+ Rxf8 23.Nxb7 Rc8 24.Nd6 Rc1+ 25.Rd1 Rxd1+ 26.Qxd1 Bf8 27.Bc5
Qc7 28.b4 Nf7 29.e5 Nxe5 30.Ne4 Bxc5+ 31.bxc5 Nc6 32.Qd6 Qxd6 33.cxd6 e5 
34.Nc5 a5 35.Kf2 Kf7 36.Ke3 Nb4 37.a4 Nc6 38.Ke4 Kf6 39.Kd5 Nb4+ 40.Kc4 
Kf5 41.Kb5 Kf6 42.Kxa5 Nd5 43.Kb5 1-0

[Event "2nd GMA World Cup prel  #2"]
[Site "Moscow URS"]
[Date "1989.??.??"]
[Round "7"]
[White "Sveshnikov, Evgeny"]
[Black "Lerner, Konstantin"]
[Result "1/2-1/2"]
[WhiteElo "2435"]
[BlackElo "2535"]
[EventDate "1989.05.??"]
[PlyCount "78"]

1.e4 d6 2.d4 Nf6 3.Nc3 g6 4.Be3 c6 5.h3 Nbd7 6.Nf3 Qc7 7.Qd2 b5 8.a3 Bg7 
9.Be2 O-O 10.O-O Bb7 11.Bh6 e5 12.Rfd1 Rfe8 13.Bxg7 Kxg7 14.d5 a6 15.dxc6 
Qxc6 16.Qxd6 Qxd6 17.Rxd6 Nc5 18.Nd2 Rad8 19.Rxd8 Rxd8 20.Rd1 Nfxe4 21.
Ndxe4 Rxd1+ 22.Nxd1 Nxe4 23.c4 bxc4 24.Bxc4 Nd6 25.Be2 a5 26.Ne3 f5 27.Nc4
Nxc4 28.Bxc4 g5 29.f3 h5 30.h4 gxh4 31.Kh2 Kf6 32.b4 axb4 33.axb4 Kg5 34.
b5 e4 35.fxe4 fxe4 36.Be2 e3 37.b6 Kf4 38.Kh3 Ke5 39.Bxh5 Kd6 1/2-1/2

[Event "2nd GMA World Cup prel  #2"]
[Site "Moscow URS"]
[Date "1989.??.??"]
[Round "7"]
[White "Tunik, Gennady"]
[Black "Dautov, Rustem"]
[Result "1-0"]
[WhiteElo "2435"]
[BlackElo "2535"]
[EventDate "1989.05.??"]
[PlyCount "113"]

1.d4 Nf6 2.c4 e6 3.Nf3 b6 4.g3 Ba6 5.Qa4 Be7 6.Bg2 c6 7.Nc3 O-O 8.O-O d5 
9.Ne5 b5 10.cxb5 cxb5 11.Nxb5 Qe8 12.Nc3 Qxa4 13.Nxa4 Bxe2 14.Re1 Bb5 15.
Nc5 Rc8 16.Be3 Nfd7 17.a4 Nxe5 18.axb5 Nc4 19.b4 Rd8 20.Rec1 Nxe3 21.fxe3 
Nd7 22.Ra6 Nb6 23.Rca1 Bg5 24.Kf2 Nc4 25.Ke2 Nxe3 26.b6 Nc2 27.R1a4 Nxd4+ 
28.Kd3 Nb5 29.R6a5 Nd6 30.Rxa7 Rab8 31.h4 Bf6 32.Nd7 Rb7 33.Rxb7 Nxb7 34.
Nxf6+ gxf6 35.Ra7 Rd7 36.Kd2 Kf8 37.Bf1 Re7 38.Ba6 Nd6 39.Rxe7 Kxe7 40.b7 
Nxb7 41.Bxb7 Kd6 42.Ba6 e5 43.Ke3 Kc6 44.g4 h6 45.h5 Kb6 46.Bd3 Kc6 47.Be2
Kb6 48.Kd3 Kb5 49.Kc3+ Kc6 50.Bd3 Kd6 51.Bb5 Ke7 52.Bc6 Kd6 53.Ba8 Ke6 54.
b5 Kd6 55.b6 d4+ 56.Kc4 Kd7 57.Be4 1-0

[Event "2nd GMA World Cup prel  #2"]
[Site "Moscow URS"]
[Date "1989.??.??"]
[Round "7"]
[White "Ulibin, Mikhail"]
[Black "Dizdarevic, Emir"]
[Result "1/2-1/2"]
[WhiteElo "2445"]
[BlackElo "2510"]
[EventDate "1989.05.??"]
[PlyCount "34"]

1.e4 c5 2.Nf3 e6 3.d4 cxd4 4.Nxd4 a6 5.Bd3 Nf6 6.O-O Qc7 7.Qe2 d6 8.f4 
Nbd7 9.Kh1 Be7 10.c4 Nc5 11.Bc2 e5 12.Nf5 Bxf5 13.exf5 Ncd7 14.Nc3 Rc8 15.
Bd3 Nc5 16.Bc2 Ncd7 17.Bd3 Nc5 1/2-1/2

[Event "2nd GMA World Cup prel  #2"]
[Site "Moscow URS"]
[Date "1989.??.??"]
[Round "7"]
[White "Farago, Ivan"]
[Black "Fauland, Alexander"]
[Result "1-0"]
[WhiteElo "2495"]
[BlackElo "2450"]
[EventDate "1989.05.??"]
[PlyCount "137"]

1.d4 Nf6 2.c4 e6 3.Nf3 Bb4+ 4.Bd2 c5 5.Bxb4 cxb4 6.g3 O-O 7.Bg2 d6 8.O-O 
Nc6 9.Nbd2 Re8 10.e4 e5 11.d5 Nb8 12.a3 Na6 13.Ne1 Qb6 14.Nd3 Bg4 15.Bf3 
Qd4 16.Qe2 Bxf3 17.Qxf3 Rec8 18.Qe3 Qxe3 19.fxe3 b3 20.Rac1 Rab8 21.Rc3 b5
22.Rfc1 bxc4 23.Rxc4 Rxc4 24.Rxc4 Ne8 25.Rc3 g6 26.Rxb3 Rxb3 27.Nxb3 f5 
28.exf5 gxf5 29.Na5 Nac7 30.Nb4 Kf7 31.Nc4 a6 32.a4 Ke7 33.Nc6+ Kf7 34.Nb4
Ke7 35.a5 Nf6 36.Nc6+ Kd7 37.Nb6+ Ke8 38.Nb4 Ng4 39.Nc4 Ke7 40.h3 Nf6 41.
Nb6 h5 42.Kg2 Ne4 43.Na2 Nb5 44.Nc1 Nc7 45.Ne2 Nb5 46.Kf1 Ng5 47.h4 Ne4 
48.Ke1 Kd8 49.Kd1 Kc7 50.Ke1 Kd8 51.Na4 Ke7 52.Kf1 Nd2+ 53.Kf2 Nb3 54.e4 
Kf6 55.Nac3 Nxc3 56.Nxc3 Nxa5 57.exf5 Kxf5 58.Kf3 Nc4 59.Ne4 Nxb2 60.Nxd6+
Kf6 61.Ne4+ Ke7 62.g4 hxg4+ 63.Kxg4 Nc4 64.Kf5 a5 65.h5 Ne3+ 66.Kxe5 a4 
67.d6+ Kd8 68.Ke6 a3 69.Ng5 1-0

[Event "2nd GMA World Cup prel  #2"]
[Site "Moscow URS"]
[Date "1989.??.??"]
[Round "7"]
[White "Psakhis, Lev"]
[Black "Minasian, Artashes"]
[Result "1/2-1/2"]
[WhiteElo "2585"]
[BlackElo "2345"]
[EventDate "1989.05.??"]
[PlyCount "131"]

1.Nf3 c5 2.c4 g6 3.d4 Bg7 4.d5 Nf6 5.Nc3 d6 6.e4 O-O 7.h3 e6 8.Bd3 exd5 9.
cxd5 Re8 10.O-O a6 11.a4 Nbd7 12.Bf4 Qe7 13.Qd2 Nh5 14.Bg5 Qf8 15.Rae1 Rb8
16.Nh2 h6 17.Be3 Nhf6 18.a5 b5 19.axb6 Rxb6 20.f4 Rb4 21.Bf2 Nb6 22.Nf3 
Nfd7 23.Bg3 c4 24.Bb1 Nc5 25.e5 Nd3 26.Bxd3 cxd3 27.Ne4 dxe5 28.d6 Rxe4 
29.Rxe4 Bf5 30.Rxe5 Nc4 31.Rxe8 Qxe8 32.Qb4 Qb5 33.Qxb5 axb5 34.Ne5 Nxd6 
35.Nxd3 Bxd3 36.Rd1 Bc4 37.Rxd6 Bxb2 38.Bf2 Kf8 39.Bc5 Ke8 40.g4 Bc1 41.f5
gxf5 42.gxf5 Bf4 43.Rd1 Bg5 44.Kf2 Bb3 45.Rd3 Bc4 46.Rd4 Bf6 47.Rd1 Bb3 
48.Rd2 Bg5 49.Re2+ Kd7 50.Kg3 Kc6 51.Bf8 Bc4 52.Re1 h5 53.Rd1 Bd5 54.Ra1 
Bc4 55.Rd1 Bd5 56.Bb4 Bd8 57.Kf4 Bf6 58.Rd3 Bd8 59.Ra3 f6 60.Kg3 Be4 61.
Rc3+ Kd7 62.Kh4 Bxf5 63.Kxh5 Be7 64.Bxe7 Kxe7 65.h4 Kd6 66.Kh6 1/2-1/2

[Event "2nd GMA World Cup prel  #2"]
[Site "Moscow URS"]
[Date "1989.??.??"]
[Round "7"]
[White "Rogers, Ian"]
[Black "Shabalov, Alexander"]
[Result "0-1"]
[WhiteElo "2505"]
[BlackElo "2425"]
[EventDate "1989.05.??"]
[PlyCount "78"]

1.e4 Nf6 2.d3 d5 3.Nd2 e5 4.Ngf3 Nbd7 5.exd5 Nxd5 6.g3 g6 7.Bg2 Bg7 8.O-O 
O-O 9.Re1 h6 10.Nc4 Re8 11.a4 N5b6 12.Nfd2 a5 13.Nxb6 Nxb6 14.Nb3 c6 15.
Bd2 Nd5 16.c3 f5 17.f4 exf4 18.Rxe8+ Qxe8 19.gxf4 Be6 20.Qc2 Bf7 21.Re1 
Qb8 22.Rf1 Qd6 23.d4 b6 24.Nc1 Rd8 25.Nd3 Nb4 26.Nxb4 axb4 27.Be1 b3 28.
Qc1 Ra8 29.Bh4 Rxa4 30.Re1 Bf8 31.Qe3 c5 32.d5 g5 33.Bf2 Qxf4 34.Qxf4 gxf4
35.Bf3 Ra2 36.Re2 Ra1+ 37.Re1 Rxe1+ 38.Bxe1 c4 39.Kf2 Ba3 0-1

[Event "2nd GMA World Cup prel  #2"]
[Site "Moscow URS"]
[Date "1989.??.??"]
[Round "7"]
[White "Arakhamia, Ketevan"]
[Black "Timoshenko, Georgy"]
[Result "0-1"]
[WhiteElo "2395"]
[BlackElo "2530"]
[EventDate "1989.05.??"]
[PlyCount "76"]

1.e4 e5 2.Nf3 Nc6 3.Bb5 Nf6 4.O-O Nxe4 5.d4 Nd6 6.Bxc6 dxc6 7.dxe5 Nf5 8.
Qxd8+ Kxd8 9.Nc3 Ke8 10.b3 h6 11.Ne4 a5 12.c4 b5 13.cxb5 cxb5 14.g4 Ne7 
15.Nd4 Bxg4 16.Nxb5 Kd8 17.e6 Nd5 18.Nd4 Bxe6 19.Bb2 Bd7 20.Rfd1 Kc8 21.
Rac1 Ra6 22.Ng3 h5 23.Nde2 Be6 24.Be5 h4 25.Nf4 hxg3 26.Nxd5 gxh2+ 27.Bxh2
Bd6 28.Nb6+ Kb7 29.Bxd6 cxd6 30.Nc4 d5 31.Ne3 Rc6 32.Rb1 Rh5 33.Rd4 Bh3 
34.f3 Rg6+ 35.Kf2 Be6 36.Ng4 f5 37.Ne5 Rh2+ 38.Ke3 Rgg2 0-1

[Event "2nd GMA World Cup prel  #2"]
[Site "Moscow URS"]
[Date "1989.??.??"]
[Round "7"]
[White "Cvitan, Ognjen"]
[Black "Piskov, Yury"]
[Result "1/2-1/2"]
[WhiteElo "2525"]
[BlackElo "2400"]
[EventDate "1989.05.??"]
[PlyCount "82"]

1.Nf3 f5 2.g3 d6 3.d4 Nf6 4.Bg2 g6 5.c4 Bg7 6.O-O O-O 7.Nc3 Qe8 8.d5 a5 9.
Nd4 Na6 10.e4 fxe4 11.Nxe4 Nxe4 12.Bxe4 Bh3 13.Bg2 Bxg2 14.Kxg2 Nc5 15.Be3
Qf7 16.Rb1 c6 17.dxc6 Qxc4 18.cxb7 Rab8 19.b3 Qd5+ 20.f3 Rxb7 21.Ne2 Nd3 
22.Nf4 Nxf4+ 23.Bxf4 Qxd1 24.Rbxd1 a4 25.Rd3 Rc8 26.Rc1 Rxc1 27.Bxc1 Rc7 
28.Ba3 Rc2+ 29.Kg1 Rxa2 30.bxa4 Bd4+ 31.Rxd4 Rxa3 32.Kf2 h5 33.h4 Kf7 34.
g4 Ke6 35.Re4+ Kd7 36.Rf4 d5 37.gxh5 gxh5 38.Rf5 Kd6 39.Rxh5 Rxa4 40.Rh8 
Ke5 41.h5 Kf6 1/2-1/2

[Event "2nd GMA World Cup prel  #2"]
[Site "Moscow URS"]
[Date "1989.??.??"]
[Round "7"]
[White "Szekely, Peter"]
[Black "Zaichik, Gennadi"]
[Result "1/2-1/2"]
[WhiteElo "2420"]
[BlackElo "2500"]
[EventDate "1989.05.??"]
[PlyCount "65"]

1.Nf3 d6 2.d4 g6 3.g3 Bg7 4.Bg2 e5 5.dxe5 dxe5 6.Qxd8+ Kxd8 7.Nc3 c6 8.Be3
Kc7 9.O-O-O Na6 10.h3 f6 11.Nd2 Bh6 12.Bxh6 Nxh6 13.Nce4 Rf8 14.Nb3 Ng8 
15.Rd2 f5 16.Nec5 Nxc5 17.Nxc5 b6 18.Na4 Nf6 19.Nc3 e4 20.e3 Be6 21.b3 
Rae8 22.Ne2 Re7 23.Bf1 Bf7 24.Nd4 Kb7 25.Be2 a6 26.c3 c5 27.Nc2 Nd7 28.
Rhd1 Ne5 29.Na3 Be6 30.Nc4 Bxc4 31.Bxc4 b5 32.Be2 Rf6 33.c4 1/2-1/2

[Event "2nd GMA World Cup prel  #2"]
[Site "Moscow URS"]
[Date "1989.??.??"]
[Round "7"]
[White "Padevsky, Nikola"]
[Black "Panchenko, Alexander"]
[Result "1-0"]
[WhiteElo "2435"]
[BlackElo "2465"]
[EventDate "1989.05.??"]
[PlyCount "77"]

1.d4 Nf6 2.c4 e6 3.Nc3 d5 4.cxd5 exd5 5.Bg5 Be7 6.e3 O-O 7.Bd3 Re8 8.Qc2 
Nbd7 9.Nge2 Nf8 10.O-O c6 11.f3 Ng6 12.e4 dxe4 13.fxe4 Be6 14.Rad1 Ng4 15.
Bxe7 Qxe7 16.Qd2 c5 17.d5 Bd7 18.h3 N4e5 19.Ng3 c4 20.Bc2 Qc5+ 21.Kh1 Rad8
22.Nce2 b5 23.Nh5 f6 24.Neg3 c3 25.Qxc3 Qxc3 26.bxc3 Nc4 27.Nf5 Bxf5 28.
exf5 Nf8 29.Rd3 Ne3 30.Rf2 Nxc2 31.Rxc2 Re5 32.Rg3 Rxf5 33.Nxg7 Rf1+ 34.
Kh2 Rxd5 35.Nf5+ Kf7 36.Rg7+ Ke6 37.Ne3 Rfd1 38.Nxd5 Kxd5 39.Rf7 1-0

[Event "2nd GMA World Cup prel  #2"]
[Site "Moscow URS"]
[Date "1989.??.??"]
[Round "7"]
[White "Tseitlin, Mark"]
[Black "Lukov, Valentin"]
[Result "1-0"]
[WhiteElo "2430"]
[BlackElo "2470"]
[EventDate "1989.05.??"]
[PlyCount "93"]

1.e4 c5 2.Nf3 d6 3.d4 cxd4 4.Qxd4 Bd7 5.Bg5 Nc6 6.Qd2 h6 7.Bh4 g5 8.Bg3 
Bg7 9.Nc3 Nf6 10.h3 Rc8 11.Bd3 Qa5 12.O-O Nh5 13.Bh2 Bxc3 14.bxc3 Ne5 15.
Nxe5 dxe5 16.Rab1 Qc7 17.Bb5 Bxb5 18.Rxb5 f6 19.Rd1 Ng7 20.Rd5 Kf7 21.Rd7 
Qc6 22.Qd5+ Ne6 23.Qxc6 Rxc6 24.Rxb7 a6 25.Ra7 Nc5 26.f3 Rb8 27.Bg3 Rb2 
28.Bf2 Na4 29.Rdd7 Re6 30.c4 Rxc2 31.Rdc7 Rxa2 32.c5 Rc2 33.Ra8 Nb2 34.Rd7
Na4 35.Rc8 a5 36.Rdd8 Ra6 37.Rf8+ Ke6 38.Rc7 Rd2 39.c6 Rd1+ 40.Kh2 Rf1 41.
Be3 Kd6 42.Rd7+ Kxc6 43.Rxe7 Kb5 44.Rb7+ Kc4 45.Rc8+ Kd3 46.Rb3+ Ke2 47.
Rc2+ 1-0

[Event "2nd GMA World Cup prel  #2"]
[Site "Moscow URS"]
[Date "1989.??.??"]
[Round "7"]
[White "Panno, Oscar"]
[Black "Spiridonov, Nikola"]
[Result "1/2-1/2"]
[WhiteElo "2495"]
[BlackElo "2390"]
[EventDate "1989.05.??"]
[PlyCount "50"]

1.d4 Nf6 2.c4 e6 3.Nf3 b6 4.e3 Bb7 5.Bd3 c5 6.O-O Be7 7.b3 O-O 8.Bb2 cxd4 
9.exd4 d5 10.Qe2 Nbd7 11.Nc3 Rc8 12.Rac1 Re8 13.Rfd1 Bf8 14.Ne5 dxc4 15.
Bxc4 Nb8 16.f4 a6 17.f5 Rc7 18.fxe6 fxe6 19.a4 Bb4 20.Na2 Bd6 21.Rc3 Nd5 
22.Rg3 Nc6 23.Rf1 Nxe5 24.dxe5 Bc5+ 25.Kh1 a5 1/2-1/2

[Event "2nd GMA World Cup prel  #2"]
[Site "Moscow URS"]
[Date "1989.??.??"]
[Round "7"]
[White "Tseitlin, Mikhail"]
[Black "Savon, Vladimir"]
[Result "1/2-1/2"]
[WhiteElo "2460"]
[BlackElo "2425"]
[EventDate "1989.05.??"]
[PlyCount "53"]

1.d4 Nf6 2.c4 e6 3.Nc3 Bb4 4.Qc2 O-O 5.a3 Bxc3+ 6.Qxc3 Ne4 7.Qc2 f5 8.Nf3 
d6 9.b4 Nd7 10.e3 a5 11.Bb2 axb4 12.axb4 Rxa1+ 13.Bxa1 c5 14.Bd3 cxb4 15.
O-O Ndf6 16.Qa4 Bd7 17.Qxb4 Bc6 18.Nd2 Qd7 19.Nxe4 fxe4 20.Be2 d5 21.c5 h5
22.Bc3 Qf7 23.Qb1 Ng4 24.Be1 Qe7 25.g3 Qf7 26.Bd2 Qg6 27.f3 1/2-1/2

[Event "2nd GMA World Cup prel  #2"]
[Site "Moscow URS"]
[Date "1989.??.??"]
[Round "7"]
[White "Iailian, Mikhail"]
[Black "Gutman, Lev"]
[Result "0-1"]
[WhiteElo "2325"]
[BlackElo "2535"]
[EventDate "1989.05.??"]
[PlyCount "40"]

1.d4 Nf6 2.c4 g6 3.Nc3 Bg7 4.e4 O-O 5.f3 c6 6.Be3 d5 7.cxd5 cxd5 8.e5 Nfd7
9.Bd3 Nxe5 10.dxe5 d4 11.Bd2 dxc3 12.Bxc3 Nc6 13.f4 Qb6 14.Qf3 Nb4 15.Ne2 
Rd8 16.Bb1 Bf5 17.a3 Bc2 18.Nd4 Nd3+ 19.Kd2 Bxb1 20.Raxb1 Nxe5 0-1

[Event "2nd GMA World Cup prel  #2"]
[Site "Moscow URS"]
[Date "1989.??.??"]
[Round "7"]
[White "Lein, Anatoly"]
[Black "Spasov, Luben"]
[Result "1-0"]
[WhiteElo "2485"]
[BlackElo "2375"]
[EventDate "1989.05.??"]
[PlyCount "79"]

1.e4 c5 2.c3 Nf6 3.e5 Nd5 4.d4 cxd4 5.cxd4 d6 6.Nf3 Nc6 7.Bc4 Nb6 8.Bb5 
dxe5 9.Nxe5 Bd7 10.Bxc6 Bxc6 11.O-O g6 12.Nc3 Bg7 13.Bf4 Nd5 14.Bg3 O-O 
15.Re1 Rc8 16.Rc1 Re8 17.h4 Nxc3 18.bxc3 Qd5 19.f3 Bb5 20.Qd2 h5 21.Bf4 
Bc4 22.Rc2 Kh7 23.Kf2 f6 24.Nxc4 Rxc4 25.Re4 e6 26.Qe1 b5 27.a3 a5 28.Kg3 
b4 29.axb4 axb4 30.Rc1 bxc3 31.Rxc3 Rxd4 32.Rc7 e5 33.Be3 Qd6 34.Qc1 Rd1 
35.Qc4 f5 36.Qf7 Rg8 37.Rec4 f4+ 38.Kh2 fxe3 39.R7c6 Qd3 40.Re4 1-0

[Event "2nd GMA World Cup prel  #2"]
[Site "Moscow URS"]
[Date "1989.??.??"]
[Round "7"]
[White "Gheorghiu, Florin"]
[Black "Veroci-Petronic, Zsuzsa"]
[Result "1-0"]
[WhiteElo "2515"]
[BlackElo "2335"]
[EventDate "1989.05.??"]
[PlyCount "75"]

1.c4 Nf6 2.Nf3 g6 3.Nc3 d5 4.cxd5 Nxd5 5.e4 Nxc3 6.dxc3 Qxd1+ 7.Kxd1 Nd7 
8.Bf4 c6 9.Kc2 Bg7 10.Nd2 O-O 11.a4 Ne5 12.Nc4 Ng4 13.f3 Nf6 14.Be2 b6 15.
Rhd1 Be6 16.Rd2 Nh5 17.Be3 f5 18.exf5 gxf5 19.Re1 Nf6 20.Bf1 Bf7 21.Bd4 c5
22.Bf2 Rfe8 23.Ne5 Ne4 24.fxe4 Bxe5 25.exf5 Bf6 26.Bb5 Red8 27.Red1 Rxd2+ 
28.Rxd2 Bg5 29.Rd3 Bf6 30.a5 bxa5 31.Bxc5 a6 32.Ba4 Rc8 33.Be3 Rc4 34.Bh6 
Rc8 35.g4 Bc4 36.Bb3 Bxb3+ 37.Kxb3 a4+ 38.Kxa4 1-0

[Event "2nd GMA World Cup prel  #2"]
[Site "Moscow URS"]
[Date "1989.??.??"]
[Round "7"]
[White "Reshevsky, Samuel"]
[Black "Westerinen, Heikki"]
[Result "0-1"]
[WhiteElo "2450"]
[BlackElo "2400"]
[EventDate "1989.05.??"]
[PlyCount "46"]

1.c4 e5 2.Nc3 f5 3.g3 Nf6 4.Bg2 Bb4 5.Qb3 c5 6.a3 Bxc3 7.Qxc3 Qe7 8.b4 Nc6
9.b5 Nd4 10.e3 d6 11.Bb2 O-O 12.O-O-O Ne4 13.Bxe4 fxe4 14.Rf1 Bh3 15.Re1 
Bg2 16.exd4 exd4 17.Qc2 Rxf2 18.Nh3 Bxh3 19.Rxe4 Qf7 20.Rf4 Rxf4 21.gxf4 
Qxf4 22.Qd3 Bf5 23.Qe2 Qe4 0-1

[Event "2nd GMA World Cup prel  #2"]
[Site "Moscow URS"]
[Date "1989.??.??"]
[Round "7"]
[White "Oll, Lembit"]
[Black "Galliamova, Alisa"]
[Result "0-1"]
[WhiteElo "2510"]
[BlackElo "2325"]
[EventDate "1989.05.??"]
[PlyCount "82"]

1.e4 e5 2.Nf3 Nc6 3.Bb5 Nd4 4.Nxd4 exd4 5.O-O Bc5 6.Bc4 d6 7.d3 Ne7 8.f4 
O-O 9.f5 d5 10.Bb3 f6 11.Nd2 Kh8 12.Qg4 b6 13.Rf3 g6 14.Rh3 Rf7 15.Nf3 
Nxf5 16.exf5 Bxf5 17.Qh4 Bxh3 18.Qxh3 c6 19.Bd2 Re7 20.Kf1 Qd6 21.Be1 Re6 
22.Bg3 Qe7 23.Qg4 Re8 24.h4 Qd7 25.Qh3 Qg7 26.Bf2 g5 27.Nxd4 g4 28.Qg3 Re5
29.Nxc6 Rf5 30.d4 Bd6 31.Qxd6 g3 32.Bxd5 Rxf2+ 33.Kg1 Qg4 34.Be6 Rxe6 35.
Qf8+ Qg8 36.Qxg8+ Kxg8 37.d5 Ree2 38.d6 Rxg2+ 39.Kh1 Rh2+ 40.Kg1 Reg2+ 41.
Kf1 Rd2 0-1

[Event "2nd GMA World Cup prel  #2"]
[Site "Moscow URS"]
[Date "1989.??.??"]
[Round "7"]
[White "Klinger, Josef"]
[Black "Nikolic, Stanimir"]
[Result "1/2-1/2"]
[WhiteElo "2475"]
[BlackElo "2320"]
[EventDate "1989.05.??"]
[PlyCount "161"]

1.c4 e5 2.g3 d6 3.Bg2 Nf6 4.Nc3 Be7 5.Nf3 c6 6.O-O O-O 7.d3 Re8 8.Rb1 Bf8 
9.Bg5 Nbd7 10.Ne1 h6 11.Bd2 Nb6 12.b4 d5 13.c5 Nbd7 14.e3 a5 15.a3 axb4 
16.axb4 b6 17.cxb6 Nxb6 18.f4 exf4 19.Rxf4 Bd6 20.Rf1 Qe7 21.Nc2 Ng4 22.
Ne2 Ra2 23.Ned4 Rxc2 24.Qxc2 Nxe3 25.Bxe3 Qxe3+ 26.Qf2 Ba6 27.Qxe3 Rxe3 
28.b5 cxb5 29.Nxb5 Bxb5 30.Rxb5 Rxd3 31.Rc1 Be5 32.Kh1 Bd4 33.Rxd5 Nxd5 
34.Rc8+ Kh7 35.Be4+ g6 36.Bxd3 Ne7 37.Rc7 Bf6 38.Bc4 Kg7 39.Kg2 Kf8 40.Kf3
Be5 41.Rd7 h5 42.Ke4 Bc3 43.Kf4 Bb2 44.Bb3 Bc3 45.Kg5 Kg7 46.Kf4 Kf8 47.
Ke4 Bf6 48.h3 Kg7 49.Rd3 Bb2 50.Rf3 Bf6 51.g4 hxg4 52.hxg4 g5 53.Rd3 Bb2 
54.Rd7 Kf8 55.Rc7 Ba1 56.Bc4 Bf6 57.Kf3 Be5 58.Rb7 Bf4 59.Ke4 Bg3 60.Ba2 
Bf4 61.Rd7 Bg3 62.Rd8+ Kg7 63.Re8 Ng8 64.Ra8 Ne7 65.Bb3 Bf4 66.Bc4 Bg3 67.
Re8 Ng8 68.Kf5 Bf4 69.Be2 Nh6+ 70.Ke4 Ng8 71.Kd4 Nf6 72.Re7 Ng8 73.Rb7 Kf8
74.Ra7 Ne7 75.Ra8+ Kg7 76.Re8 Ng8 77.Ra8 Ne7 78.Bd3 Bg3 79.Kc5 Ng8 80.Kc6 
Nh6 81.Ra4 1/2-1/2

[Event "2nd GMA World Cup prel  #2"]
[Site "Moscow URS"]
[Date "1989.??.??"]
[Round "7"]
[White "Sunye Neto, Jaime"]
[Black "Prins, Lodewijk"]
[Result "1-0"]
[WhiteElo "2510"]
[BlackElo "2265"]
[EventDate "1989.05.??"]
[PlyCount "87"]

1.c4 d6 2.Nc3 e5 3.g3 Nc6 4.Bg2 g6 5.e3 Bg7 6.Nge2 Be6 7.d3 Qd7 8.h3 Nge7 
9.a3 O-O 10.Bd2 d5 11.cxd5 Nxd5 12.Ne4 Nde7 13.Nc5 Qc8 14.Qc2 Bd5 15.e4 
Be6 16.b4 Nd8 17.h4 c6 18.h5 b6 19.Nxe6 Qxe6 20.hxg6 hxg6 21.Be3 Qd6 22.
Rd1 Ne6 23.Bh3 Rfd8 24.Qc4 Nf8 25.O-O Ne6 26.Kg2 Rf8 27.Bxe6 Qxe6 28.Qxe6 
fxe6 29.d4 Rad8 30.Bg5 Kf7 31.dxe5 Bxe5 32.Rh1 Rxd1 33.Rxd1 Ke8 34.Nd4 
Bxd4 35.Rxd4 c5 36.bxc5 bxc5 37.Rd6 Rf7 38.Rxe6 c4 39.Re5 Kd7 40.Rc5 Nc6 
41.Rxc4 Rf8 42.Bf4 a5 43.Rc5 Re8 44.f3 1-0

[Event "2nd GMA World Cup prel  #2"]
[Site "Moscow URS"]
[Date "1989.??.??"]
[Round "7"]
[White "Vreeken, Corry"]
[Black "Klaric, Zlatko"]
[Result "0-1"]
[WhiteElo "2165"]
[BlackElo "2445"]
[EventDate "1989.05.??"]
[PlyCount "114"]

1.e4 e5 2.Nf3 Nc6 3.Bb5 g6 4.c3 a6 5.Ba4 d6 6.d4 Bd7 7.O-O Bg7 8.Be3 Nf6 
9.Nbd2 O-O 10.Bc2 Qe8 11.dxe5 Nxe5 12.Nxe5 Qxe5 13.f4 Qe7 14.Qf3 Bb5 15.
Rfe1 Bc6 16.Bf2 Rfe8 17.Rad1 Qf8 18.Nf1 Rad8 19.Bd4 Re7 20.Ng3 Nd7 21.Qf2 
Rde8 22.h4 Nf6 23.Qf3 Nxe4 24.Rxe4 Bxd4+ 25.cxd4 Bxe4 26.Bxe4 c6 27.Qd3 d5
28.Bf3 Qh6 29.h5 Qxf4 30.Nf1 f5 31.hxg6 hxg6 32.Qd2 Qh4 33.Qf2 Qf6 34.Qg3 
Kg7 35.Qf2 Re6 36.a4 R8e7 37.b4 Kf8 38.Qd2 g5 39.g3 Kg7 40.b5 axb5 41.axb5
Kg6 42.bxc6 bxc6 43.Rc1 g4 44.Bg2 Re2 45.Qc3 R7e6 46.Rd1 Qg5 47.Qa3 Qh6 
48.Qd3 Ra2 49.Rd2 Rxd2 50.Qxd2 Qxd2 51.Nxd2 Re3 52.Bf1 Rxg3+ 53.Kf2 Ra3 
54.Be2 Kg5 55.Nb1 Rh3 56.Bf1 Rf3+ 57.Ke2 Rf4 0-1

[Event "2nd GMA World Cup prel  #2"]
[Site "Moscow URS"]
[Date "1989.??.??"]
[Round "8"]
[White "Dolmatov, Sergei"]
[Black "De Firmian, Nick"]
[Result "1/2-1/2"]
[WhiteElo "2580"]
[BlackElo "2570"]
[EventDate "1989.05.??"]
[PlyCount "25"]

1.e4 c5 2.Nf3 d6 3.d4 cxd4 4.Nxd4 Nf6 5.Nc3 a6 6.Be2 e5 7.Nb3 Be7 8.Be3 
Be6 9.f4 exf4 10.Bxf4 Nc6 11.Qd2 O-O 12.O-O-O Ne5 13.Nd4 1/2-1/2

[Event "2nd GMA World Cup prel  #2"]
[Site "Moscow URS"]
[Date "1989.??.??"]
[Round "8"]
[White "Pigusov, Evgeny"]
[Black "Tukmakov, Vladimir"]
[Result "1/2-1/2"]
[WhiteElo "2525"]
[BlackElo "2590"]
[EventDate "1989.05.??"]
[PlyCount "39"]

1.Nf3 d5 2.g3 g6 3.Bg2 Bg7 4.d4 Nf6 5.O-O O-O 6.Nbd2 b6 7.c4 e6 8.b3 Bb7 
9.Bb2 a5 10.Qc2 Na6 11.Rac1 c5 12.Qb1 Qe7 13.Ne5 Rfd8 14.Rfd1 Rac8 15.Qa1 
cxd4 16.Bxd4 Nc5 17.Nef3 Ncd7 18.Ne5 Nc5 19.Nef3 Ncd7 20.Ne5 1/2-1/2

[Event "2nd GMA World Cup prel  #2"]
[Site "Moscow URS"]
[Date "1989.??.??"]
[Round "8"]
[White "Krasenkov, Mikhail"]
[Black "Psakhis, Lev"]
[Result "1/2-1/2"]
[WhiteElo "2525"]
[BlackElo "2585"]
[EventDate "1989.05.??"]
[PlyCount "31"]

1.Nf3 Nf6 2.c4 c5 3.Nc3 e6 4.g3 b6 5.Bg2 Bb7 6.O-O Be7 7.b3 O-O 8.Bb2 d6 
9.e3 Nbd7 10.d4 Rb8 11.Qe2 a6 12.a4 Qc7 13.Rfd1 Ne4 14.Rac1 Nxc3 15.Bxc3 
Be4 16.Ne1 1/2-1/2

[Event "2nd GMA World Cup prel  #2"]
[Site "Moscow URS"]
[Date "1989.??.??"]
[Round "8"]
[White "Lputian, Smbat"]
[Black "Makarichev, Sergei"]
[Result "1/2-1/2"]
[WhiteElo "2610"]
[BlackElo "2500"]
[EventDate "1989.05.??"]
[PlyCount "54"]

1.d4 Nf6 2.c4 e6 3.Nf3 Bb4+ 4.Bd2 a5 5.g3 O-O 6.Bg2 b6 7.O-O Ba6 8.Ne5 Ra7
9.Qc2 c5 10.dxc5 Bxc5 11.Nd3 Be7 12.Bf4 Nc6 13.Nd2 d5 14.Rfc1 Nb4 15.Nxb4 
Bxb4 16.b3 Bc5 17.Rd1 e5 18.Be3 Bxe3 19.fxe3 Qc7 20.Rac1 Qc5 21.Qc3 dxc4 
22.Ne4 Nxe4 23.Bxe4 Rc7 24.Bd5 cxb3 25.Qxc5 Rxc5 26.Rxc5 bxc5 27.axb3 Bxe2
1/2-1/2

[Event "2nd GMA World Cup prel  #2"]
[Site "Moscow URS"]
[Date "1989.??.??"]
[Round "8"]
[White "Chernin, Alexander"]
[Black "Cvitan, Ognjen"]
[Result "1-0"]
[WhiteElo "2580"]
[BlackElo "2525"]
[EventDate "1989.05.??"]
[PlyCount "63"]

1.d4 Nf6 2.c4 g6 3.Nc3 Bg7 4.e4 d6 5.Nf3 O-O 6.Be2 e5 7.O-O Qe8 8.d5 Nh5 
9.g3 f5 10.exf5 gxf5 11.Nxe5 Nxg3 12.fxg3 Qxe5 13.Qc2 Na6 14.Bf4 Qf6 15.
Rf2 Nc5 16.Raf1 Bd7 17.Be3 Rae8 18.Bxc5 dxc5 19.Bd3 Qd4 20.Kg2 Re3 21.Bxf5
Bxf5 22.Rxf5 Rfe8 23.R1f4 Qd3 24.Qxd3 Rxd3 25.Ne4 Rd4 26.Nxc5 Rxf4 27.Rxf4
Re2+ 28.Kh3 Rxb2 29.Ne6 h5 30.Rf5 Bc3 31.Nxc7 Rb4 32.d6 1-0